| 000 | 00728cab a2200217 4500 | ||
|---|---|---|---|
| 001 | WB2817-70 | ||
| 008 | 090401t1992 xxu||||| |||| 00| 0 eng d | ||
| 035 | _a(Sirsi) u51491 | ||
| 041 | _aeng | ||
| 245 | _aRICS moves on fish-farm policy | ||
| 260 | _c1992 | ||
| 350 | _a0 | ||
| 490 |
_aScotsman _v21 April 1992, 31(1) |
||
| 520 | _aThe RICS in Scotland has argued for a more permissive policy than exists at present, on the development of sites for marine fish farms, as part of a consultation exercise by the Scottish Office Environment Department. | ||
| 650 | _aFISH FARMING | ||
| 650 | _aPLANNING CONTROL | ||
| 690 | _aPLANNING LAW AND PRACTICE | ||
| 690 | _aRURAL PRACTICE | ||
| 942 | _n0 | ||
| 948 | _c04/03/1997 | ||
| 999 |
_c31970 _d31970 |
||